hoofdsteden foto quiz #1 - Statistieken

Algemene statistieken
  • Deze quiz is 29 keer genomen
  • De gemiddelde score is 4 van 16
Antwoordstatistieken
Foto Antwoord % Correct
Brussel
100%
Berlijn
58%
Kuala Lumpur
46%
Athene
42%
Kiev
35%
New-Delhi
23%
Ottawa
19%
Stockholm
19%
Tokio
19%
Astana
4%
Kigali
4%
Montevideo
4%
Tblisi
4%
Accra
0%
Asjchabad
0%
Panama-Stad
0%
Geen overeenkomende quizzen gevonden
Scoreverdeling
Procent van Mensen met Elke Score
Percentiel versus Aantal Correcte Antwoorden
Uw Scoregeschiedenis
U heeft deze quiz nog niet genomen